All Big Brother Franchise Winners - Statistics

General Stats
  • This quiz has been taken 46 times
    12 since last reset
  • The average score is 35 of 40
Answer Stats
Season Winner % Correct
πŸ‡ΊπŸ‡Έ 26 Chelsie Baham
100%
πŸ‡ΊπŸ‡Έ 22 Cody Calafiore
100%
πŸ‡ΊπŸ‡Έ 10 Dan Gheesling
100%
πŸ‡ΊπŸ‡Έ 21 Jackson Michie
100%
πŸ‡ΊπŸ‡Έ 25 Jag Bains
100%
πŸ‡ΊπŸ‡Έ 11 Jordan Lloyd
100%
πŸ‡ΊπŸ‡Έ 19 Josh Martinez
100%
πŸ‡ΊπŸ‡Έ 04 Jun Song
100%
πŸ‡ΊπŸ‡Έ 20 Kaycee Clark
100%
πŸ‡ΊπŸ‡Έ 03 Lisa Donohue
100%
πŸ‡ΊπŸ‡Έ 06 Maggie Ausburn
100%
πŸ‡ΊπŸ‡Έ 07 Mike 'Boogie' Malin
100%
πŸ‡ΊπŸ‡Έ 18 Nicole Franzel
100%
πŸ‡ΊπŸ‡Έ RG Nicole Franzel
100%
πŸ‡ΊπŸ‡Έ 13 Rachel Reilly
100%
πŸ‡ΊπŸ‡Έ 24 Taylor Hale
100%
πŸ‡ΊπŸ‡Έ 02 Will Kirby
100%
πŸ‡ΊπŸ‡Έ 23 Xavier Prather
100%
πŸ‡ΊπŸ‡Έ 09 Adam Jasinski
90%
πŸ‡ΊπŸ‡Έ 15 Andy Herren
90%
πŸ‡ΊπŸ‡Έ 16 Derrick Levasseur
90%
πŸ‡ΊπŸ‡Έ 05 Drew Daniel
90%
πŸ‡ΊπŸ‡Έ 01 Eddie McGee
90%
πŸ‡ΊπŸ‡Έ 14 Ian Terry
90%
πŸ‡ΊπŸ‡Έ 17 Steve Moses
90%
πŸ‡¨πŸ‡¦ 12 Bayleigh Pelham
80%
πŸ‡ΊπŸ‡Έ 08 Dick Donato
80%
πŸ‡ΊπŸ‡Έ 12 Hayden Moss
80%
πŸ‡¨πŸ‡¦ 01 Jillian MacLaughlin
70%
πŸ‡¨πŸ‡¦ 02 Jon Pardy
70%
πŸ‡¨πŸ‡¦ 10 Kevin Jacobs
70%
πŸ‡¨πŸ‡¦ 05 Kevin Martin
70%
πŸ‡ΊπŸ‡Έ OT Morgan Willett
70%
πŸ‡¨πŸ‡¦ 04 Nick Paquette
70%
πŸ‡¨πŸ‡¦ 06 Paras Atashnak
70%
πŸ‡¨πŸ‡¦ 04 Phil Paquette
70%
πŸ‡¨πŸ‡¦ 03 Sarah Hanlon
70%
πŸ‡¨πŸ‡¦ 11 Ty McDonald
70%
πŸ‡¨πŸ‡¦ 07 Dane Rupert
60%
πŸ‡¨πŸ‡¦ 09 Tychon Carter-Newman
60%
No matching quizzes found
Score Distribution
Percent of People with Each Score
Percentile by Number Answered
Your Score History
You have not taken this quiz since the last reset